[Event "4NCL Division 1 & 2"]
[Site "Daventry, ENG"]
[Date "2022.06.25"]
[Round "10.136"]
[White "Wilson, Jeff"]
[Black "Dargan, Paul A G"]
[Result "0-1"]
[WhiteElo "1437"]
[BlackElo "2112"]
[PlyCount "62"]
[EventDate "2022.06.25"]
[WhiteTeam "Manchester Manticores 1"]
[BlackTeam "North East England"]

1. e4 c5 2. Nf3 Nc6 3. d4 cxd4 4. Nxd4 Nf6 5. Nc3 e5 6. Nb3 Bb4 7. Bd3 d5 8.
exd5 Nxd5 9. Bd2 Nxc3 10. Bxc3 Bxc3+ 11. bxc3 O-O 12. O-O Qc7 13. Qf3 Ne7 14.
Rfe1 f6 15. Rad1 Be6 16. Bf1 b6 17. Re3 Rac8 18. Ba6 Rcd8 19. Rxd8 Rxd8 20. Rd3
Rxd3 21. Qxd3 g6 22. c4 Kg7 23. Nd2 Nc6 24. a3 Bf5 25. Ne4 Nd4 26. c3 Ne6 27.
Qd6 Bxe4 28. Qxe6 Bf5 29. Qd5 Qe7 30. Qb7 Kf7 31. Qd5+ Be6 0-1

[Event "4NCL Division 1 & 2"]
[Site "Daventry, ENG"]
[Date "2022.06.25"]
[Round "10.137"]
[White "Ekanem Nathan"]
[Black "Pelling, Victor"]
[Result "1-0"]
[WhiteElo "2035"]
[BlackElo "1128"]
[PlyCount "51"]
[EventDate "2022.06.25"]
[WhiteTeam "North East England"]
[BlackTeam "Manchester Manticores 1"]

1. d4 Nf6 2. c4 e6 3. Nc3 d5 4. e3 Bb4 5. Bd3 Nc6 6. Nf3 h6 7. Bd2 Bd7 8. cxd5
exd5 9. Qb3 Be6 10. Bb5 Bxc3 11. Qxc3 Qd6 12. Ne5 Bd7 13. f3 a6 14. Bxc6 Bxc6
15. Rc1 Rb8 16. Qa5 Qd8 17. Bb4 b6 18. Qxa6 Ra8 19. Qd3 Bd7 20. O-O h5 21. e4
h4 22. exd5 Nxd5 23. Qc4 Be6 24. Qc6+ Bd7 25. Qxd5 Rh5 26. Qxf7# 1-0